LEADER 00877nam0-22003011i-450- 001 990002507730403321 010 $a0306310414 035 $a000250773 035 $aFED01000250773 035 $a(Aleph)000250773FED01 035 $a000250773 100 $a20000920d1978----km-y0itay50------ba 101 0 $aENG 200 1 $aIntroduction to Demographic Analysis$ePrinciples and Methods$fGuillaume J. Wunsch$gMarc G. Termote. 210 $aNew York$cPlenum Press$d1978. 215 $aXII, 274 p.$d23 cm 610 0 $aDemografia, Demografia$amanuali 676 $a301 700 1$aWunsch,$bGuillaume$0103096 702 1$aTermote,$bMarc G. 801 0$aIT$bUNINA$gRICA$2UNIMARC 901 $aBK 912 $a990002507730403321 952 $aXXIV-A-44$b4752$fMAS 959 $aMAS 996 $aIntroduction to Demographic Analysis$9440155 997 $aUNINA DB $aING01 LEADER 01367oam 22004093a 450 001 9910695263903321 005 20060815153528.0 035 $a(CKB)5470000002368100 035 $a(OCoLC)49058366 035 $a(EXLCZ)995470000002368100 100 $a20020214d2000 ua 0 101 0 $aeng 181 $ctxt$2rdacontent 182 $cc$2rdamedia 183 $acr$2rdacarrier 200 00$aFive steps to avoiding office supply fraud$b[electronic resource] 210 1$a[Washington, D.C.] :$cFederal Trade Commission, Bureau of Consumer Protection, Office of Consumer and Business Education,$d[2000] 215 $a4 unnumbered pages $cdigital, PDF file 225 1 $aBusiness alert 300 $aTitle from title screen (viewed on Aug. 15, 2006). 300 $a"March 2000." 606 $aOffice equipment and supplies industry$xCorrupt practices 615 0$aOffice equipment and supplies industry$xCorrupt practices. 676 $a336.2417 676 $a070.5797 676 $a011.53 676 $a381.34 676 $a364.163 712 02$aUnited States.$bFederal Trade Commission.$bOffice of Consumer and Business Education. 801 0$bN@F 801 1$bN@F 801 2$bOCLCQ 801 2$bGPO 906 $aBOOK 912 $a9910695263903321 996 $aFive steps to avoiding office supply fraud$93093907 997 $aUNINA LEADER 03796nam 22006255 450 001 9910254588803321 005 20200703015344.0 010 $a3-319-47769-2 024 7 $a10.1007/978-3-319-47769-5 035 $a(CKB)4340000000061850 035 $a(DE-He213)978-3-319-47769-5 035 $a(MiAaPQ)EBC6312201 035 $a(MiAaPQ)EBC5591944 035 $a(Au-PeEL)EBL5591944 035 $a(OCoLC)987617695 035 $a(PPN)201472627 035 $a(EXLCZ)994340000000061850 100 $a20170511d2017 u| 0 101 0 $aeng 135 $aurnn|008mamaa 181 $ctxt$2rdacontent 182 $cc$2rdamedia 183 $acr$2rdacarrier 200 10$aTheoretical Atomic Physics /$fby Harald Friedrich 205 $a4th ed. 2017. 210 1$aCham :$cSpringer International Publishing :$cImprint: Springer,$d2017. 215 $a1 online resource (XVII, 642 p. 131 illus., 23 illus. in color.) 225 1 $aGraduate Texts in Physics,$x1868-4513 311 $a3-319-47767-6 327 $aReview of Quantum Mechanics -- Atoms and Ions -- Atomic Spectra -- Simple Reactions -- Special Topics -- Appendix -- Solutions to the Problems -- Special Mathematical Functions. 330 $aThis expanded and updated well-established textbook contains an advanced presentation of quantum mechanics adapted to the requirements of modern atomic physics. It includes topics of current interest such as semiclassical theory, chaos, atom optics and Bose-Einstein condensation in atomic gases. In order to facilitate the consolidation of the material covered, various problems are included, together with complete solutions. The emphasis on theory enables the reader to appreciate the fundamental assumptions underlying standard theoretical constructs and to embark on independent research projects. The fourth edition of Theoretical Atomic Physics contains an updated treatment of the sections involving scattering theory and near-threshold phenomena manifest in the behaviour of cold atoms (and molecules). Special attention is given to the quantization of weakly bound states just below the continuum threshold and to low-energy scattering and quantum reflection just above. Particular emphasis is laid on the fundamental differences between long-ranged Coulombic potentials and shorter-ranged potentials falling off faster than 1/r2 at large distances r. The new sections on tunable near-threshold Feshbach resonances and on scattering in two spatial dimensions also address problems relevant for current and future research in the field of cold (and ultra-cold) atoms. Graduate students and researchers will find this book a valuable resource and comprehensive reference alike. 410 0$aGraduate Texts in Physics,$x1868-4513 606 $aAtoms 606 $aPhysics 606 $aSpectrum analysis 606 $aMicroscopy 606 $aAtomic, Molecular, Optical and Plasma Physics$3https://scigraph.springernature.com/ontologies/product-market-codes/P24009 606 $aSpectroscopy and Microscopy$3https://scigraph.springernature.com/ontologies/product-market-codes/P31090 606 $aSpectroscopy/Spectrometry$3https://scigraph.springernature.com/ontologies/product-market-codes/C11020 615 0$aAtoms. 615 0$aPhysics. 615 0$aSpectrum analysis. 615 0$aMicroscopy. 615 14$aAtomic, Molecular, Optical and Plasma Physics. 615 24$aSpectroscopy and Microscopy. 615 24$aSpectroscopy/Spectrometry. 676 $a539.7 700 $aFriedrich$b Harald$4aut$4http://id.loc.gov/vocabulary/relators/aut$0754398 801 0$bMiAaPQ 801 1$bMiAaPQ 801 2$bMiAaPQ 906 $aBOOK 912 $a9910254588803321 996 $aTheoretical atomic physics$91517971 997 $aUNINA